000 00697nam a2200289Ia 4500
005 20260324121851.0
008 008 260324s9999 xx 000 0 eng d
020 _a9780429482441
037 _aEBOOK
040 _aCRL
040 _beng
040 _cCRL
041 _2eng
041 _aeng
084 _qCRL
100 _aMarco Bacciagaluppi; John Bowlby
_91164184
245 4 _aThe Milan Seminar
245 0 _bClinical Applications of Attachment Theory
260 _bTaylor and Francis
260 _c2013
365 _a
365 _b205
856 _uhttp://www.taylorfrancis.com/books/9780429482441
942 _cEBOOK
999 _c1756549
_d1756549